|
|
|
|
| LEADER |
01986nam a2200445 i 4500 |
| 001 |
EBC5231730 |
| 003 |
MiAaPQ |
| 005 |
20200520144314.0 |
| 006 |
m o d | |
| 007 |
cr cnu|||||||| |
| 008 |
180220t20182018ne a ob 001 0 eng d |
| 020 |
|
|
|z 9789462982277
|
| 020 |
|
|
|a 9789048532179 (e-book)
|
| 035 |
|
|
|a (MiAaPQ)EBC5231730
|
| 035 |
|
|
|a (Au-PeEL)EBL5231730
|
| 035 |
|
|
|a (CaPaEBR)ebr11502550
|
| 035 |
|
|
|a (OCoLC)1021808088
|
| 040 |
|
|
|a MiAaPQ
|b eng
|e rda
|e pn
|c MiAaPQ
|d MiAaPQ
|
| 050 |
|
4 |
|a PN1995.9.S234
|b .S646 2018
|
| 082 |
0 |
|
|a 791.43682
|2 23
|
| 100 |
1 |
|
|a Spencer-Hall, Alicia,
|e author.
|
| 245 |
1 |
0 |
|a Medieval saints and modern screens :
|b divine visions as cinematic experience /
|c Alicia Spencer-Hall.
|
| 264 |
|
1 |
|a Amsterdam, Netherland :
|b Amsterdam University Press,
|c 2018.
|
| 264 |
|
4 |
|c 2018
|
| 300 |
|
|
|a 1 online resource (305 pages) :
|b illustrations, tables.
|
| 336 |
|
|
|a text
|2 rdacontent
|
| 337 |
|
|
|a computer
|2 rdamedia
|
| 338 |
|
|
|a online resource
|2 rdacarrier
|
| 490 |
1 |
|
|a Knowledge Communities
|
| 504 |
|
|
|a Includes bibliographical references and index.
|
| 588 |
|
|
|a Description based on online resource; title from PDF title page (EBC, viewed February 20, 2018).
|
| 590 |
|
|
|a Electronic reproduction. Ann Arbor, MI : ProQuest, 2018. Available via World Wide Web. Access may be limited to ProQuest affiliated libraries.
|
| 650 |
|
0 |
|a Saints in motion pictures.
|
| 650 |
|
0 |
|a Middle Ages in motion pictures.
|
| 650 |
|
0 |
|a Hagiography.
|
| 655 |
|
4 |
|a Electronic books.
|
| 776 |
0 |
8 |
|i Print version:
|a Spencer-Hall, Alicia.
|t Medieval saints and modern screens : divine visions as cinematic experience.
|d Amsterdam, Netherland : Amsterdam University Press, c2018
|h 304 pages
|k Knowledge communities (Amsterdam, Netherlands)
|z 9789462982277
|
| 797 |
2 |
|
|a ProQuest (Firm)
|
| 830 |
|
0 |
|a Knowledge communities (Amsterdam, Netherlands)
|
| 856 |
4 |
0 |
|u https://ebookcentral.proquest.com/lib/matrademy/detail.action?docID=5231730
|z Click to View
|